000 01083 a2200253 4500
005 2008090500320.0
008 080905t xxu||||| |||| 00| 0 hin d
010 _aHIN-79084
020 _c25.00
035 _aHN-51431
037 _bD.B.Act /pub
082 _a
100 _aशर्मा, धर्मपाल
245 _aजियो तो ऐसे जियो
_cधर्मपाल शर्मा
246 _aJiyo to ase jio
_bby Dharmpal Sharma
250 _a5वां संस्क
260 _aनई दिल्ली
_bआशा प्रकाशन गृह
_c2001
270 _a30 नाईवाला, करोल बाग
_bनई दिल्ली
_e110005
300 _a140पृ.
_c19सेमी (अजिल्द)
650 _aकहानियाँ
650 _aStories
942 _adpl
_cHN
_kक / शर्माध
_2ddc
_h
_mशर्माध
999 _c1212
_d1212